Juan de los Toyos González (Record no. 179252)

MARC details
000 -LEADER
campo de control de longitud fija 00913nam a2200217 i 4500
001 - NÚMERO DE CONTROL
campo de control 179252
003 - IDENTIFICADOR DE NÚMERO DE CONTROL
campo de control ES-MaACL
005 - FECHA Y HORA DE LA ÚLTIMA TRANSACCIÓN
campo de control 20230918185355.0
008 - DATOS DE LONGITUD FIJA--INFORMACIÓN GENERAL
campo de control de longitud fija 111017s2010 sp aco |||| |bspa d
080 ## - NÚMERO DE LA CLASIFICACIÓN DECIMAL UNIVERSAL
Número de la Clasificación Decimal Universal 929 Toyos González, Juan de los
100 1# - ENTRADA PRINCIPAL--NOMBRE DE PERSONA
Nombre de persona Comonte Santamaría, Ángel.
9 (RLIN) 148298
245 10 - MENCIÓN DEL TÍTULO
Título Juan de los Toyos González
Resto del título : biografía de un pequeño gran hombre : 120 aniversario de su nacimiento /
Mención de responsabilidad, etc. Ángel Comonte Santamaría.
260 ## - PUBLICACIÓN, DISTRIBUCIÓN, ETC.
Lugar de publicación, distribución, etc. [Baracaldo] :
Nombre del editor, distribuidor, etc. Fundación Juan de los Toyos,
Fecha de publicación, distribución, etc. [2010]
300 ## - DESCRIPCIÓN FÍSICA
Extensión 159 p. :
Otras características físicas il., fot. ;
Dimensiones 29 cm.
504 ## - NOTA DE BIBLIOGRAFÍA, ETC.
Nota de bibliografía, etc. Bibliografía: p. 129-157.
600 17 - PUNTO DE ACCESO ADICIONAL DE MATERIA--NOMBRE DE PERSONA
Nombre de persona Toyos González, Juan de los.
9 (RLIN) 148299
710 2# - ENTRADA AGREGADA--NOMBRE DE ENTIDAD CORPORATIVA
Nombre de entidad corporativa o nombre de jurisdicción como elemento de entrada Fundación Juan de los Toyos.
9 (RLIN) 148300
852 ## - LOCALIZACIÓN
Ubicación ES-MaACL
itemnumber 186133
Número de control de estantería A-11639
Sublocalización o colección R.146848
Signatura antigua Olim: N-4644
Ubicación en estantería Depósito 1
Nota libre Dedicatoria autógrafa del autor
Encuadernación Donación: Ángel Comonte Santamaría
942 ## - ELEMENTOS DE ENTRADA SECUNDARIOS (KOHA)
Fuente del sistema de clasificación o colocación Clasificación decimal universal
Tipo de ítem Koha Libro impreso
Holdings
Estatus retirado Estado de pérdida Fuente del sistema de clasificación o colocación Estado de daño No para préstamo Colección Biblioteca de origen Biblioteca actual Ubicación en estantería Fecha de adquisición Fuente de adquisición Total de préstamos Signatura topográfica completa Código de barras Visto por última vez Precio de reemplazo Tipo de ítem Koha Nota pública
    Clasificación decimal universal     Libros con dedicatorias Biblioteca del Ateneo de Madrid Biblioteca del Ateneo de Madrid Depósito 1 17/10/2011 Donación   A-11639 1188301 23/02/2023 23/02/2023 Libro impreso Dedicatoria autógrafa del autor